Homenaje a Bergson
Guardat en:
| Autor principal: | |
|---|---|
| Format: | Llibre |
| Idioma: | Undetermined |
| Publicat: |
México, Distrito Federal
Imprenta Universitaria
1941
|
| Matèries: | |
| Etiquetes: |
Afegir etiqueta
Sense etiquetes, Sigues el primer a etiquetar aquest registre!
|
MARC
| LEADER | 00000nam a2200000Ia 4500 | ||
|---|---|---|---|
| 008 | 170316s9999 xx 000 0 und d | ||
| 090 | |a 100 U-1h | ||
| 100 | |a U.N.A.M. | ||
| 245 | |a Homenaje a Bergson | ||
| 260 | |a México, Distrito Federal | ||
| 260 | |b Imprenta Universitaria | ||
| 260 | |c 1941 | ||
| 300 | |a 189 páginas | ||
| 650 | |a FILOSOFÍA | ||
| 999 | |c 17811 |d 17811 | ||
| 040 | |a cru BVZT | ||
| 942 | |c 15 D |h 100 U-1h |2 z | ||
